LEADER 01879nam0 22004333i 450 001 RAV0099368 005 20251003044322.0 010 $a8833952657 020 $aIT$b84-1647 100 $a20221117d1982 ||||0itac50 ba 101 | $aita$cita 102 $ait 181 1$6z01$ai $bxxxe 182 1$6z01$an 183 1$6z01$anc$2RDAcarrier 200 1 $aˆLa ‰struttura degli algoritmi$fFabrizio Luccio 210 $aTorino$cBollati Boringhieri$d1982 215 $a192 p.$d21 cm 225 | $aTesti e manuali della scienza contemporanea$i. Serie di informatica 300 $aBibliografia: P. [187]-189. 410 0$1001CFI0067990$12001 $aTesti e manuali della scienza contemporanea$i. Serie di informatica 500 10$aˆLa ‰struttura degli algoritmi$3RMS3072260$9CFIV042888$9104142 606 $aAlgoritmi$2FIR$3CFIC033498$9E 676 $a005.1$9ELABORAZIONE DEI DATI. PROGRAMMAZIONE$v12 676 $a511.8$9MODELLI MATEMATICI (SIMULAZIONE MATEMATICA)$v19 676 $a511.8$9MATEMATICA. PRINCIPI GENERALI$v21 676 $a518$9ANALISI NUMERICA$v14 676 $a518.1$9ANALISI NUMERICA. ALGORITMI$v22 700 1$aLuccio$b, Fabrizio$3CFIV042888$4070$01245 801 3$aIT$bIT-000000$c20221117 850 $aIT-BN0095 $aIT-NA0299 $aIT-NA0079 901 $bNAP 01$cSALA DING $n$ 901 $bNAP BN$cA $nComprende volumi con collocazioni per formato catalogati prima del 1987. La consegna del doc. é effettuata dall'Uff. Distribuzione. 901 $bNAP AG$cI $n$ 912 $aRAV0099368 950 0$aBiblioteca Centralizzata di Ateneo$c1 v.$d 01SALA DING 518 LUC.st$e 0102 0000005345 VMA A4 1 v. (3. rist. 1988)$fY $h19940117$i19940117 977 $a 01$a AG$a BN 996 $aStruttura degli algoritmi$9104142 997 $aUNISANNIO